Quelle ville en Grèce ? - Statistiques

Statistiques générales
  • Ce quiz a été pris 52 fois
  • Le résultat moyen est 11 sur 20
Statistiques - réponses
Quelle ville grecque... Lettre Ville % Correct
...est dominée par un acropole sur lequel se trouve le Parthénon ? A Athènes
100%
...était autrefois célèbre pour son colosse ? R Rhodes
98%
...fut le siège d'une bataille qui donne son nom à une course à pied ? M Marathon
96%
...fut opposée à la capitale lors de la guerre du Péloponnèse ? S Sparte
94%
...abritait autrefois la Pythie délivrant l'oracle d'Appolon ? D Delphes
88%
...est la plus grande ville de la Crète ? H Héraklion
85%
...est le port historique de la capitale ? (L) P Le Pirée
83%
...est le lieu d'origine d'une célèbre compétition sportive ? O Olympie
83%
...est la capitale de la Macédoine grecque ? T Thessalonique
75%
...est située sur un isthme traversé par un canal ? C Corinthe
67%
...est la capitale des îles Ioniennes et porte le nom de l'une d'entre elles ? C Corfou
40%
...est réputée pour ses olives et ses figues sèches ? K Kalamáta
33%
...a, avec Tirynthe, ses sites archéologiques classés à l'UNESCO ? M Mycènes
29%
...présente d'emblématiques moulins à vent blancs au toit de chaume ? M Mykonos
27%
...fut le lieu d'une bataille en -480 qui mit fin aux attaques des Perses ? S Salamine
25%
...est considérée comme le centre géographique du pays ? L Larissa
23%
...surnomme-t-on parfois "Porte occidentale de la Grèce" ? P Patras
23%
...ne tire pas son nom du chien d'Ulysse mais d'un fils de Zeus qui en fut roi ? A Argos
21%
...dispose d'un sanctuaire dédié à Asclépios célèbre pour son théâtre ? (A-)E Ancienne-Épidaure
15%
...fut capitale de l'Etat grec libre de 1828 à 1834, après Egine ? N Nauplie
13%
Aucun quiz correspondant
Distribution des résultats
% des personnes avec chaque résultat
Percentile par nombre de réponses
Votre historique - résultats
Vous n’avez pas pris ce quiz